[Event "2015: The Year Of Bitcoin"]
[Site "SchemingMind.com"]
[Date "2014.10.25"]
[Round "-"]
[White "emvarela"]
[Black "smothered mate"]
[Result "0-1"]
[WhiteCountry "ARG"]
[BlackCountry "POL"]
[WhiteElo "1722"]
[WhiteRD "46"]
[BlackElo "1910"]
[BlackRD "89"]
[GameID "367513"]

1. e4 e6 2. d4 d5 3. Nc3 Bb4 4. e5 c5 5. a3 Bxc3+ 6. bxc3 Ne7 7. Nf3 Qc7 8. Bb5+ Bd7 9. Bxd7+ Nxd7 10. Be3 Nc6
11. O-O O-O 12. dxc5 Ncxe5 13. Nxe5 Qxe5 14. Bd4 Qc7 15. Qg4 e5 16. Be3 f5 17. Qb4 a5 18. Qb3 Qc6 19. Rab1 f4 20. Qxb7 Rfc8
21. Qxc6 Rxc6 22. Bd2 Nxc5 23. f3 Na4 24. Rb5 Rc5 25. Rxc5 Nxc5 26. Re1 Nd7 27. Rb1 Rb8 28. Rxb8+ Nxb8 29. c4 dxc4 30. Bxa5 Nc6
31. Bc7 Kf7 32. c3 Ke6 33. a4 Kd7 34. Bb6 Kc8 35. a5 Kb7 36. Kf2 Ka6 37. Bc7 g6 38. g3 fxg3+ 39. hxg3 Nxa5 40. Bxe5 Kb5
41. g4 Kc6 42. f4 Kd5 43. Ke3 Nc6 44. Bf6 Nb8 45. Bg7 Nd7 46. Bd4 Nf8 47. f5 gxf5 48. gxf5 Kd6 49. Kf4 Ke7 50. Kg5 Kf7
51. Bc5 Nd7 52. Bd4 Nb8 53. Kh6 Nc6 54. Bh8 Ne7 55. Kxh7 Nxf5 56. Be5 Ke6 57. Bh8 Ne3 58. Kg6 Kd5 59. Kf6 Ke4 60. Ke6 Kd3
61. Kd6 Nd1 62. Kc5 Nxc3 63. Kb4 Ne2 64. Bg7 Nd4 65. Kc5 Ne6+
0-1

[Event "2015: The Year Of Bitcoin"]
[Site "SchemingMind.com"]
[Date "2014.11.06"]
[Round "-"]
[White "smothered mate"]
[Black "Greg Magne"]
[Result "0-1"]
[WhiteCountry "POL"]
[BlackCountry "CAN"]
[WhiteElo "1887"]
[WhiteRD "63"]
[BlackElo "1886"]
[BlackRD "71"]
[GameID "368145"]

1. e4 c5 2. Nf3 d6 3. d4 cxd4 4. Nxd4 Nf6 5. Nc3 a6 6. h3 b5 7. g4 Bb7 8. Bg2 e5 9. Nde2 g6 10. Ng3 Bg7
11. g5 Ng8 12. Be3 Ne7 13. h4 Nbc6 14. Nd5 Nxd5 15. exd5 Ne7 16. c3 O-O 17. h5 Qc7 18. Qd3 Qc4 19. Qxc4 bxc4 20. h6 Bh8
21. Rd1 Rab8 22. Rd2 Ba8 23. a4 Rb3 24. Kd1 f5 25. f4 e4 26. Kc1 Nxd5 27. Rxd5 Bxd5 28. Rd1 Bxc3 29. bxc3 Rxc3+ 30. Kd2 Rd3+
31. Ke2 Rb8 32. Bd4 Rxg3
0-1

[Event "2015: The Year Of Bitcoin"]
[Site "SchemingMind.com"]
[Date "2014.11.04"]
[Round "-"]
[White "Greg Magne"]
[Black "emvarela"]
[Result "1-0"]
[WhiteCountry "CAN"]
[BlackCountry "ARG"]
[WhiteElo "1898"]
[WhiteRD "76"]
[BlackElo "1679"]
[BlackRD "50"]
[GameID "368146"]

1. e4 e5 2. Nf3 Nc6 3. Bb5 a6 4. Ba4 Nf6 5. O-O Be7 6. Re1 b5 7. Bb3 O-O 8. c3 d5 9. exd5 Nxd5 10. Nxe5 Nxe5
11. Rxe5 c6 12. d4 Bd6 13. Re2 Qh4 14. g3 Qh3 15. Nd2 Nf4 16. gxf4 Bxf4 17. Nf1 Bxc1 18. Qxc1 Bg4 19. Re3 Qh5 20. Ng3 Qg6
21. a4 Rae8 22. axb5 axb5 23. Ra7 Be6 24. Bxe6 Rxe6 25. Rc7 Rxe3 26. Qxe3 f6 27. Qe7 Re8 28. Qd7 Re1+ 29. Kg2 h5 30. Rc8+ Kh7
31. Qf5 Qxf5 32. Nxf5 Re2 33. b4 Kg6 34. Ne3
1-0

[Event "2015: The Year Of Bitcoin"]
[Site "SchemingMind.com"]
[Date "2014.11.06"]
[Round "-"]
[White "Greg Magne"]
[Black "Simon Green"]
[Result "1-0"]
[WhiteCountry "CAN"]
[BlackCountry "ENG"]
[WhiteElo "1941"]
[WhiteRD "80"]
[BlackElo "1667"]
[BlackRD "55"]
[GameID "368383"]

1. e4 e6 2. d4 d5 3. e5 c5 4. c3 c4 5. f4 Nc6 6. Nf3 Be7 7. Be2 f5 8. Be3 b5 9. Nbd2 a5 10. O-O Bb7
11. Kh1 Qc7 12. Rg1 O-O-O 13. a4 b4 14. cxb4 axb4 15. Rc1 b3 16. Nxc4 dxc4 17. Bxc4 Qb6 18. Bxe6+ Kb8 19. Bxb3 Nb4 20. Bc2 g6
21. Qe2 Ba6 22. Qf2 Nd5 23. b4 Nc3 24. b5 Bb7 25. d5 Qa5 26. Bb6 Qb4 27. Bxd8 Bxd8 28. Ng5 Nxd5 29. Rgf1 Nxf4 30. Be4 Bxg5
31. Bxb7 Kxb7 32. Qc2 Ne7 33. Qc7+ Ka8 34. b6 Nfd5 35. Qa7#
1-0

[Event "2015: The Year Of Bitcoin"]
[Site "SchemingMind.com"]
[Date "2014.11.09"]
[Round "-"]
[White "Simon Green"]
[Black "smothered mate"]
[Result "0-1"]
[WhiteCountry "ENG"]
[BlackCountry "POL"]
[WhiteElo "1649"]
[WhiteRD "54"]
[BlackElo "2001"]
[BlackRD "72"]
[GameID "368384"]

1. d4 Nf6 2. e3 c5 3. c3 e6 4. Bd3 d5 5. f4 Nc6 6. Nf3 Be7 7. O-O b6 8. Nbd2 Bb7 9. Ne5 Qc8 10. Qe1 Nxe5
11. fxe5 Ne4 12. Bxe4 dxe4 13. Qf2 O-O 14. Qf4 h6 15. Nxe4 Qc6 16. Rf2 Qxe4 17. Qxe4 Bxe4 18. Rf4 Bb7 19. Bd2 Bg5 20. Rg4 Rad8
21. h4 Be7 22. Rf1 Rd7 23. h5 Bg5 24. Rf2 Ba6 25. b3 Bd3 26. c4 Bf5 27. Rxg5 hxg5 28. Bc3 Rfd8 29. g3 cxd4 30. exd4 Rxd4
31. Bxd4 Rxd4 32. Kg2 g4 33. Rf4 Rd2+ 34. Kg1 Kh7 35. a4 Kh6 36. Rf2 Rd1+ 37. Kg2 Be4+
0-1

[Event "2015: The Year Of Bitcoin"]
[Site "SchemingMind.com"]
[Date "2014.11.04"]
[Round "-"]
[White "emvarela"]
[Black "Simon Green"]
[Result "1-0"]
[WhiteCountry "ARG"]
[BlackCountry "ENG"]
[WhiteElo "1693"]
[WhiteRD "51"]
[BlackElo "1615"]
[BlackRD "55"]
[GameID "368385"]

1. e4 e6 2. d4 d5 3. Nc3 Nf6 4. Bg5 Be7 5. e5 Nfd7 6. h4 Bxg5 7. hxg5 Qxg5 8. Nh3 Qe7 9. Nf4 c5 10. Bb5 Nc6
11. Bxc6 bxc6 12. Qd2 cxd4 13. Qxd4 c5 14. Qd2 Nxe5 15. O-O-O O-O 16. Nd3 Nxd3+ 17. Qxd3 g6 18. Qh3 h5 19. Ne2 e5 20. Qg3 Kh7
21. Rxd5 f6 22. Qd3 Be6 23. Nf4 exf4 24. Rdxh5+
1-0

[Event "2015: The Year Of Bitcoin"]
[Site "SchemingMind.com"]
[Date "2014.11.15"]
[Round "-"]
[White "eun77"]
[Black "Greg Magne"]
[Result "1-0"]
[WhiteCountry "ISR"]
[BlackCountry "CAN"]
[WhiteElo "1461"]
[WhiteRD "71"]
[BlackElo "1921"]
[BlackRD "70"]
[GameID "369025"]

1. d4 d5 2. e3 c5 3. h3 Nc6 4. Nf3 Nf6 5. dxc5 e6 6. Bb5 Bxc5 7. Bxc6+ bxc6 8. O-O O-O 9. b3 Re8 10. Ba3 Bxa3
11. Nxa3 Qa5 12. Nb1 e5 13. Qd2 Bf5 14. Qxa5
1-0

[Event "2015: The Year Of Bitcoin"]
[Site "SchemingMind.com"]
[Date "2014.11.20"]
[Round "-"]
[White "eun77"]
[Black "smothered mate"]
[Result "0-1"]
[WhiteCountry "ISR"]
[BlackCountry "POL"]
[WhiteElo "1264"]
[WhiteRD "56"]
[BlackElo "1823"]
[BlackRD "66"]
[GameID "369026"]

1. e4 c5 2. d3 d5 3. exd5 Qxd5 4. Qf3 Nf6 5. Qxd5 Nxd5 6. h3 e5 7. c3 Nc6 8. Nf3 Be7 9. Be2 O-O 10. O-O Kh8
11. c4 Nc7 12. Nc3 f5 13. Nh2 Nd4 14. Bd1 Bd7 15. Nf3 Bf6 16. Nxd4 cxd4 17. Nd5 Nxd5
0-1

[Event "2015: The Year Of Bitcoin"]
[Site "SchemingMind.com"]
[Date "2014.11.20"]
[Round "-"]
[White "emvarela"]
[Black "eun77"]
[Result "1-0"]
[WhiteCountry "ARG"]
[BlackCountry "ISR"]
[WhiteElo "1679"]
[WhiteRD "50"]
[BlackElo "1264"]
[BlackRD "56"]
[GameID "369027"]

1. e4 e5 2. Nf3 d6 3. d4 Be7 4. dxe5 dxe5 5. Qxd8+ Bxd8 6. Nxe5 Nf6 7. Nc3 c6 8. Bc4 O-O 9. O-O Be6 10. Bxe6 fxe6
11. Bf4 Nbd7 12. Nxd7 Nxd7 13. Bd6 Re8 14. e5
1-0

[Event "2015: The Year Of Bitcoin"]
[Site "SchemingMind.com"]
[Date "2014.11.20"]
[Round "-"]
[White "Simon Green"]
[Black "eun77"]
[Result "1-0"]
[WhiteCountry "ENG"]
[BlackCountry "ISR"]
[WhiteElo "1583"]
[WhiteRD "53"]
[BlackElo "1264"]
[BlackRD "56"]
[GameID "369028"]

1. d4 d5 2. e3 e6 3. Bd3 Nf6 4. f4 Be7 5. Nf3 O-O 6. O-O h6 7. Nbd2 Nh7 8. Ne5 Nd7 9. Ndf3 Nxe5 10. Nxe5 Bf6
11. Qg4 Bxe5 12. fxe5 Qg5 13. Bxh7+ Kxh7 14. Qxg5 hxg5 15. e4 dxe4 16. Bxg5 Bd7 17. Be7 Rae8 18. Bxf8 Rxf8 19. Rf4 g6 20. Rxe4 Kg7
21. Rf1 Rh8 22. Ref4 c6 23. Rxf7+ Kh6 24. Rxd7 Rg8 25. Rff7 a5 26. Rxb7
1-0

[Event "2015: The Year Of Bitcoin"]
[Site "SchemingMind.com"]
[Date "2014.11.23"]
[Round "-"]
[White "Scooter"]
[Black "Greg Magne"]
[Result "0-1"]
[WhiteCountry "USA"]
[BlackCountry "CAN"]
[WhiteElo "1778"]
[WhiteRD "45"]
[BlackElo "1921"]
[BlackRD "70"]
[GameID "369415"]

1. d4 Nf6 2. Nf3 g6 3. Bf4 Bg7 4. e3 O-O 5. Be2 c5 6. c3 cxd4 7. cxd4 Nc6 8. a3 Nh5 9. Bg5 Qa5+ 10. Nbd2 h6
11. Bh4 Nf6 12. O-O e5 13. dxe5 Nxe5 14. Nxe5 Qxe5 15. Nc4 Qe6 16. Rc1 d5 17. Nd2 Ne4 18. Nxe4 dxe4 19. h3 Bxb2 20. Bg4 Qa6
21. Rc2 Bg7 22. Bxc8 Raxc8 23. Rxc8 Rxc8 24. Qg4 Re8 25. Qd7 Qc6 26. Rd1 Be5 27. Qxc6 bxc6 28. Bd8 Kg7 29. Ba5 Rb8 30. Bb4 Rb5
31. g3 a5 32. Bd6 Bxd6 33. Rxd6 Rb3 34. Rxc6 Rxa3 35. Rc4 f5 36. Rc7+ Kf6 37. Rc6+ Kg5 38. Kg2 a4 39. Ra6 Ra1 40. Kh2 a3
41. Kg2 a2 42. Kh2 h5 43. Kg2 h4 44. Kh2 hxg3+ 45. fxg3 Kh6 46. Kg2 Kg7 47. Kf2 Kf7 48. Kg2 Ke7 49. g4 fxg4 50. hxg4 g5
51. Kf2 Rh1
0-1

[Event "2015: The Year Of Bitcoin"]
[Site "SchemingMind.com"]
[Date "2014.11.26"]
[Round "-"]
[White "smothered mate"]
[Black "Scooter"]
[Result "1-0"]
[WhiteCountry "POL"]
[BlackCountry "USA"]
[WhiteElo "1962"]
[WhiteRD "66"]
[BlackElo "1778"]
[BlackRD "45"]
[GameID "369416"]

1. e4 c6 2. d4 d5 3. Nc3 dxe4 4. Nxe4 Bf5 5. Ng3 Bg6 6. Nf3 Nd7 7. Bc4 Qc7 8. Ne2 O-O-O 9. Bf4 Qb6 10. c3 Ngf6
11. Qa4 a6 12. O-O Qxb2 13. Nh4 Nb6 14. Qa5 e6 15. Nxg6 hxg6 16. Rfb1
1-0

[Event "2015: The Year Of Bitcoin"]
[Site "SchemingMind.com"]
[Date "2014.11.27"]
[Round "-"]
[White "Scooter"]
[Black "emvarela"]
[Result "1-0"]
[WhiteCountry "USA"]
[BlackCountry "ARG"]
[WhiteElo "1713"]
[WhiteRD "49"]
[BlackElo "1735"]
[BlackRD "50"]
[GameID "369417"]

1. d4 Nf6 2. Nf3 d5 3. Bf4 e6 4. e3 Bd6 5. Bxd6 Qxd6 6. Be2 O-O 7. c3 c5 8. O-O c4 9. Nbd2 Nc6 10. Qc2 b5
11. e4 dxe4 12. Nxe4 Nxe4 13. Qxe4 Bb7 14. Ng5 g6 15. Qh4 h5 16. Ne4 Qe7 17. Qg3 Nxd4 18. cxd4 Bxe4 19. Bxh5 Qf6 20. Rad1 Rad8
21. f3 Rxd4 22. fxe4 Qg7 23. e5 Rd3 24. Rxd3 cxd3 25. Bd1 Rd8 26. Rf3 d2 27. Rd3 Rxd3 28. Qxd3 Qxe5 29. Qxd2 Qc5+ 30. Kh1 Qc4
31. h3 Qf1+ 32. Kh2 Qc4 33. Bb3 Qc7+ 34. Kh1 a5 35. Qc3 Qxc3 36. bxc3 b4 37. cxb4 axb4 38. g4 Kf8 39. Kg2 Ke7 40. Kf3 Kd6
41. g5 Ke5 42. h4 Kf5 43. Bc2+ Ke5 44. Kg4 Kd4 45. Kf4 Kd5 46. Ke3 Ke5 47. Kf3 Kd4 48. Kf4 Kd5 49. Kg4 Ke5 50. h5 gxh5+
51. Kxh5 Kf4 52. Kh6 Kg4 53. g6 fxg6 54. Kxg6 Kf4 55. Kf6 e5 56. Ke6 e4 57. Kd5 e3 58. Bd3 Kf3 59. Kc4
1-0

[Event "2015: The Year Of Bitcoin"]
[Site "SchemingMind.com"]
[Date "2014.11.25"]
[Round "-"]
[White "eun77"]
[Black "Scooter"]
[Result "0-1"]
[WhiteCountry "ISR"]
[BlackCountry "USA"]
[WhiteElo "1264"]
[WhiteRD "56"]
[BlackElo "1713"]
[BlackRD "44"]
[GameID "369418"]

1. d4 Nf6 2. e3 g6 3. Nf3 Bg7 4. Be2 O-O 5. O-O d6 6. h3 Nbd7 7. Nh2 b6 8. Ng4 Nxg4 9. Bxg4 Nf6 10. Bxc8 Rxc8
11. Nd2 Re8 12. Nf3 Nd7 13. c3 e5 14. dxe5 Nxe5 15. Nxe5 Bxe5 16. Bd2 c5 17. f4 Bg7 18. Rf3 d5 19. Rc1 Re4 20. Qe2 d4
21. cxd4 Bxd4 22. Qf2 Bxb2 23. Rc2 Bf6 24. Bc3 Bxc3 25. Rxc3 Qd1+ 26. Kh2 Rd8
0-1

[Event "2015: The Year Of Bitcoin"]
[Site "SchemingMind.com"]
[Date "2014.11.24"]
[Round "-"]
[White "Simon Green"]
[Black "Scooter"]
[Result "0-1"]
[WhiteCountry "ENG"]
[BlackCountry "USA"]
[WhiteElo "1649"]
[WhiteRD "54"]
[BlackElo "1759"]
[BlackRD "48"]
[GameID "369419"]

1. d4 g6 2. e3 Bg7 3. Bd3 Nf6 4. f4 O-O 5. Nf3 d6 6. O-O Bg4 7. Nbd2 Nbd7 8. Qe1 Bxf3 9. Nxf3 Re8 10. c3 a6
11. Bd2 c5 12. a3 b5 13. Ng5 c4 14. Bc2 d5 15. Qg3 e6 16. h4 Nh5 17. Qf3 Bf8 18. g4 Nhf6 19. f5 e5 20. fxg6 fxg6
21. Nxh7 Kxh7 22. Bxg6+ Kxg6 23. Qf5+ Kg7 24. Qg5+ Kh8 25. dxe5 Rxe5 26. Qg6 Re4 27. g5 Rg4+ 28. Kh2 Qc7+ 29. Rf4 Rxh4+ 30. Kg3 Rg4+
31. Kh3 Bg7 32. Rxg4 Nxg4 33. Kxg4 Ne5+
0-1

[Event "2015: The Year Of Bitcoin"]
[Site "SchemingMind.com"]
[Date "2014.11.24"]
[Round "-"]
[White "Greg Magne"]
[Black "abdre1"]
[Result "1-0"]
[WhiteCountry "CAN"]
[BlackCountry "USA"]
[WhiteElo "1886"]
[WhiteRD "71"]
[BlackElo "1606"]
[BlackRD "115"]
[GameID "369467"]

1. e4 c5 2. Nf3 d6 3. d4 b6 4. a4 a5 5. Nc3 Bb7 6. Bb5+ Bc6 7. Qe2 g6 8. Bg5 Bg7 9. Rd1 Bxb5 10. Nxb5 Bf6
11. e5 Bxg5 12. Nxg5 Nh6 13. exd6 Na6 14. O-O Nf5 15. dxc5 O-O 16. dxe7 Qxe7 17. Qxe7 Nxe7 18. cxb6 Rac8 19. Rd7 Nc6 20. Rfd1 Ne5
21. Ra7 Nb4 22. c3 Nbc6 23. Rc7 Rb8 24. b7 Rfe8 25. f4 Nc4 26. Rxc6 Nxb2 27. Rd7 Rf8 28. Rcc7 h6 29. Nxf7 Nxa4 30. Nxh6+ Kh8
31. Rh7#
1-0

[Event "2015: The Year Of Bitcoin"]
[Site "SchemingMind.com"]
[Date "2014.11.27"]
[Round "-"]
[White "smothered mate"]
[Black "abdre1"]
[Result "1-0"]
[WhiteCountry "POL"]
[BlackCountry "USA"]
[WhiteElo "1867"]
[WhiteRD "70"]
[BlackElo "1512"]
[BlackRD "105"]
[GameID "369468"]

1. e4 c5 2. Nf3 Nc6 3. c3 d6 4. d4 b6 5. Bb5 Bd7 6. O-O g6 7. d5 Ne5 8. Nxe5 dxe5 9. a4 Nf6 10. Nd2 Bg7
11. f3 O-O 12. Nc4 Qc7 13. Qd3 a6 14. Bxd7 Nxd7 15. f4 Bh6 16. fxe5 Bxc1 17. d6 Nxe5 18. Nxe5 exd6 19. Ng4 Bxb2 20. Nf6+ Kg7
21. Ra2 Bxc3 22. Qxc3 Qe7 23. Ne8+ Kh6 24. Qg7+ Kg5 25. Rf5+ Kg4 26. Nf6+ Qxf6 27. Qxf6 gxf5 28. Qxf5+ Kh4 29. g3#
1-0

[Event "2015: The Year Of Bitcoin"]
[Site "SchemingMind.com"]
[Date "2014.11.27"]
[Round "-"]
[White "abdre1"]
[Black "emvarela"]
[Result "0-1"]
[WhiteCountry "USA"]
[BlackCountry "ARG"]
[WhiteElo "1489"]
[WhiteRD "128"]
[BlackElo "1709"]
[BlackRD "48"]
[GameID "369469"]

1. d4 Nf6 2. Nf3 d5 3. e3 c6 4. Be2 e6 5. O-O Bd6 6. b3 O-O 7. Bb2 Nbd7 8. Nbd2 b5 9. Ne5 Bxe5 10. dxe5 Ne8
11. Ba3 c5 12. Bxb5 Qb6 13. Bxd7 Bxd7 14. c4 Rc8 15. e4 d4 16. Qg4 f5 17. Qf4 fxe4 18. Qxe4 Bc6 19. Qg4 Bb7 20. Nf3 Bxf3
21. gxf3 Qc6 22. Kg2 Rf5 23. Qg3 h6 24. h4 Kh7 25. Bc1 g6 26. Bd2 Ng7 27. Qg4 Rcf8 28. Qe4 Qxe4 29. fxe4 Rxe5 30. f3 g5
31. Rh1 gxh4 32. Rae1 Rg8 33. Rxh4 Nf5+ 34. Rg4 Rxg4+ 35. fxg4 Nh4+ 36. Kg3 Ng6 37. Bf4 Nxf4 38. Kxf4 Rg5 39. e5 Kg6 40. b4 h5
41. bxc5 Rxg4+ 42. Kf3 d3 43. Rc1 Kf5 44. Ke3 Kxe5 45. Kxd3 Rg3+ 46. Kc2 Rg8 47. Kc3 a5 48. Re1+ Kf6 49. Rf1+ Ke7 50. Kd4 Rg4+
51. Kc3 h4 52. Rd1 h3 53. Rd3 Rh4 54. c6 h2 55. c7 h1=Q 56. c8=Q Qa1+ 57. Kb3 Qb1+ 58. Kc3 Qb4+ 59. Kc2 Rh2+ 60. Rd2 Rxd2+
61. Kc1 Qb2#
0-1

[Event "2015: The Year Of Bitcoin"]
[Site "SchemingMind.com"]
[Date "2014.11.25"]
[Round "-"]
[White "eun77"]
[Black "abdre1"]
[Result "0-1"]
[WhiteCountry "ISR"]
[BlackCountry "USA"]
[WhiteElo "1261"]
[WhiteRD "64"]
[BlackElo "1561"]
[BlackRD "111"]
[GameID "369470"]

1. d4 Nf6 2. e3 d5 3. h3 e6 4. Nf3 Nc6 5. Bb5 Bd6 6. Bxc6+ bxc6 7. O-O O-O 8. Nh2 Re8 9. f4 c5 10. c3 c4
11. Nf3 Ne4 12. Qe1 Rb8 13. Nbd2 c5 14. Nxe4 dxe4 15. Nh2 Qf6 16. Bd2 Rxb2 17. Qc1 Rb6 18. Rb1 cxd4 19. Rxb6 axb6 20. cxd4 b5
21. a3 Bd7 22. Bb4 Bxb4
0-1

[Event "2015: The Year Of Bitcoin"]
[Site "SchemingMind.com"]
[Date "2014.11.23"]
[Round "-"]
[White "Scooter"]
[Black "abdre1"]
[Result "0-1"]
[WhiteCountry "USA"]
[BlackCountry "USA"]
[WhiteElo "1731"]
[WhiteRD "44"]
[BlackElo "1618"]
[BlackRD "114"]
[GameID "369471"]

1. d4 d5 2. Nf3 Nf6 3. Bf4 e6 4. e3 Be7 5. Be2 O-O 6. O-O b6 7. Nbd2 Nc6 8. c3 Qd7 9. h3 a6 10. Rc1 b5
11. Ne5 Nxe5 12. Bxe5 Bb7 13. b3 Rac8 14. c4 c6 15. cxd5 cxd5 16. Rxc8 Bxc8 17. Qc2 b4 18. Rc1 Bb7 19. Qc7 Rc8 20. Qb6 Rxc1+
0-1

[Event "2015: The Year Of Bitcoin"]
[Site "SchemingMind.com"]
[Date "2014.11.23"]
[Round "-"]
[White "abdre1"]
[Black "Simon Green"]
[Result "0-1"]
[WhiteCountry "USA"]
[BlackCountry "ENG"]
[WhiteElo "1512"]
[WhiteRD "105"]
[BlackElo "1571"]
[BlackRD "55"]
[GameID "369472"]

1. d4 e6 2. Nf3 d5 3. e3 c5 4. b3 Nf6 5. Bb2 Nc6 6. Bd3 Be7 7. O-O O-O 8. Nbd2 cxd4 9. Bxd4 Nxd4 10. exd4 Bd7
11. Rc1 Ba3 12. Rb1 Rc8 13. b4 Rc3 14. Ne5 Ba4 15. Nb3 Bxb4 16. Nc5 Bxc5 17. dxc5 Qc7 18. c6 Qxe5 19. Rxb7 Bxc6 20. Rxa7 d4
21. Re1 Qg5 22. f3 Nh5 23. Re2 Bxf3 24. Qd2 Qxd2 25. Rxd2 Bd5 26. a4 Rb8 27. Kf2 g6 28. a5 Nf4 29. g3 Nxd3+ 30. cxd3 Rbb3
31. Ke2 Ra3 32. a6 e5 33. Rd7 Rxa6 34. Rxd5 f6 35. Rd7 Rac6 36. h3 Rc2 37. g4 Rxd2+ 38. Kxd2 Rc8 39. Rd6 Kg7 40. Rd7+ Kh6
41. Rf7 Rc6 42. Ke2 g5 43. Kd2 Kg6 44. Re7 h5 45. Re8 hxg4 46. hxg4 Ra6 47. Rc8 Ra2+ 48. Rc2 Rxc2+ 49. Kxc2 f5 50. gxf5+ Kxf5
51. Kd2 Kf4 52. Ke2 g4 53. Kf2 g3+ 54. Kg2 Ke3 55. Kxg3 Kxd3
0-1

[Event "2015: The Year Of Bitcoin"]
[Site "SchemingMind.com"]
[Date "2014.11.27"]
[Round "-"]
[White "Eric111"]
[Black "Greg Magne"]
[Result "0-1"]
[WhiteCountry "USA"]
[BlackCountry "CAN"]
[WhiteElo "1467"]
[WhiteRD "49"]
[BlackElo "1941"]
[BlackRD "80"]
[GameID "369604"]

1. d4 Nf6 2. c4 g6 3. Nc3 Bg7 4. e4 d6 5. Bg5 O-O 6. Rc1 Nc6 7. f4 Ng4 8. Qd2 Bxd4 9. Nf3 Bf2+ 10. Ke2 Bc5
11. Nd5 Kg7 12. Qc3+ f6 13. Bh4 e6 14. Ne3 Bxe3
0-1

[Event "2015: The Year Of Bitcoin"]
[Site "SchemingMind.com"]
[Date "2014.11.27"]
[Round "-"]
[White "Eric111"]
[Black "smothered mate"]
[Result "0-1"]
[WhiteCountry "USA"]
[BlackCountry "POL"]
[WhiteElo "1499"]
[WhiteRD "50"]
[BlackElo "1962"]
[BlackRD "66"]
[GameID "369605"]

1. e4 e5 2. Nf3 Nc6 3. Bb5 a6 4. Ba4 Nf6 5. O-O b5 6. Bb3 Be7 7. c3 O-O 8. Bc2 Bb7 9. Re1 d6 10. d3 Nb8
11. b4 c5 12. Bb3 a5 13. a4 axb4 14. cxb4 cxb4 15. Bg5 h6 16. Bxf6 Bxf6 17. Nbd2 bxa4 18. Bxa4 d5 19. exd5 Qxd5 20. Bb3 Rxa1
21. Bxd5 Rxd1 22. Rxd1 Bxd5
0-1

[Event "2015: The Year Of Bitcoin"]
[Site "SchemingMind.com"]
[Date "2014.11.27"]
[Round "-"]
[White "emvarela"]
[Black "Eric111"]
[Result "1-0"]
[WhiteCountry "ARG"]
[BlackCountry "USA"]
[WhiteElo "1673"]
[WhiteRD "49"]
[BlackElo "1587"]
[BlackRD "54"]
[GameID "369606"]

1. e4 e5 2. Nf3 d6 3. d4 exd4 4. Nxd4 Nf6 5. Nc3 a6 6. Bg5 Be7 7. Bd3 Bg4 8. f3 Bd7 9. Qd2 c5 10. Nb3 b5
11. Be2 Qc7 12. Bxf6 Bxf6 13. O-O-O Be7 14. Nd5 Qd8 15. Nxe7 Qxe7 16. Qxd6 Nc6 17. Qxe7+ Nxe7 18. Nxc5 Bc6 19. Rd2 O-O 20. Rhd1 h6
21. c4 Ng6 22. cxb5 axb5 23. Rd6 Rac8 24. Kb1 Nf4 25. Bf1 Rfe8 26. Rxc6 Rxc6 27. Bxb5 Rxc5 28. Bxe8 Ne2 29. a3 Rc8 30. Bb5 Nf4
31. g3 Ne6 32. a4
1-0

[Event "2015: The Year Of Bitcoin"]
[Site "SchemingMind.com"]
[Date "2014.11.27"]
[Round "-"]
[White "abdre1"]
[Black "Eric111"]
[Result "1-0"]
[WhiteCountry "USA"]
[BlackCountry "USA"]
[WhiteElo "1618"]
[WhiteRD "114"]
[BlackElo "1506"]
[BlackRD "51"]
[GameID "369607"]

1. d4 d5 2. Nf3 c6 3. e3 Bg4 4. Be2 Bxf3 5. Bxf3 Nf6 6. O-O e6 7. Nc3 Nbd7 8. b3 Bd6 9. a4 O-O 10. Ba3 Qc7
11. g3 a6 12. Re1 Rfb8 13. e4 dxe4 14. Nxe4 Bxa3 15. Rxa3 Nxe4 16. Rxe4 Nf6 17. Rh4 b5 18. Qd2 Rd8 19. Qg5 Qe7 20. Ra1 Rd7
21. Bxc6 Rdd8 22. Bxa8 Rxa8 23. axb5 Qb7 24. bxa6 Rxa6 25. Rxa6 Qxa6 26. Rg4 Ne8 27. c4 Qa1+ 28. Kg2
1-0

[Event "2015: The Year Of Bitcoin"]
[Site "SchemingMind.com"]
[Date "2014.11.28"]
[Round "-"]
[White "Eric111"]
[Black "eun77"]
[Result "1-0"]
[WhiteCountry "USA"]
[BlackCountry "ISR"]
[WhiteElo "1574"]
[WhiteRD "52"]
[BlackElo "1264"]
[BlackRD "56"]
[GameID "369608"]

1. d4 d5 2. c4 c6 3. e3 e6 4. c5 Nf6 5. Nc3 Be7 6. Bd3 O-O 7. Nf3 h6 8. O-O Nh7 9. Qc2 f5 10. e4 Bg5
11. exf5 Bxc1 12. Raxc1 exf5 13. Rfe1 Rf6 14. Re2 Na6 15. a3 Bd7 16. Rce1 Qc7 17. Nh4 Raf8 18. Ng6 Rxg6 19. Nd1 Qc8 20. Ne3 Nc7
21. b4 Ne8 22. g4 Rgf6 23. gxf5 Nc7 24. Ng4 Bxf5 25. Nxf6+ Rxf6 26. Bxf5 Rxf5 27. Kh1 Nf6 28. Re5
1-0

[Event "2015: The Year Of Bitcoin"]
[Site "SchemingMind.com"]
[Date "2014.11.28"]
[Round "-"]
[White "Eric111"]
[Black "Scooter"]
[Result "0-1"]
[WhiteCountry "USA"]
[BlackCountry "USA"]
[WhiteElo "1468"]
[WhiteRD "48"]
[BlackElo "1759"]
[BlackRD "48"]
[GameID "369609"]

1. d4 Nf6 2. c4 g6 3. Nc3 Bg7 4. e4 d6 5. Nf3 Bg4 6. h3 Bxf3 7. Qxf3 O-O 8. Bd3 Nbd7 9. O-O e5 10. d5 Re8
11. Re1 a6 12. b4 Rb8 13. Rb1 c6 14. a4 cxd5 15. cxd5 Rc8 16. Bd2 h6 17. a5 Qe7 18. Ne2 Rc7 19. Rbc1 Rec8 20. Rxc7 Rxc7
21. Rc1 Qd8 22. Rxc7 Qxc7 23. Ng3 Kh7 24. h4 b5 25. h5 g5 26. Nf5 Kg8 27. Nxg7 Kxg7 28. Qf5 Qa7 29. Be3 Qc7 30. Bd2 Nxh5
31. Be2 Nhf6 32. Bd3 Qd8 33. g3 Ng8 34. Be2 Qc7 35. Bh5 Ndf6 36. g4 Qc2 37. Be1 Qd1 38. Kf1 Ne7
0-1

[Event "2015: The Year Of Bitcoin"]
[Site "SchemingMind.com"]
[Date "2014.11.27"]
[Round "-"]
[White "Simon Green"]
[Black "Eric111"]
[Result "1-0"]
[WhiteCountry "ENG"]
[BlackCountry "USA"]
[WhiteElo "1649"]
[WhiteRD "54"]
[BlackElo "1468"]
[BlackRD "48"]
[GameID "369610"]

1. d4 d5 2. e3 Nf6 3. Bd3 e6 4. f4 Nc6 5. c3 Bd6 6. Nf3 Bd7 7. O-O O-O 8. Nbd2 a6 9. Qe1 Re8 10. Ne5 b5
11. b4 Qc8 12. Qg3 Nh5 13. Qh4 Nf6 14. Ndf3 Qd8 15. Ng5 h6 16. Ngxf7 Qc8 17. Nxh6+ gxh6 18. Qxf6
1-0

[Event "2015: The Year Of Bitcoin"]
[Site "SchemingMind.com"]
[Date "2014.12.05"]
[Round "-"]
[White "Greg Magne"]
[Black "Derek Price"]
[Result "0-1"]
[WhiteCountry "CAN"]
[BlackCountry "ENG"]
[WhiteElo "1962"]
[WhiteRD "79"]
[BlackElo "2331"]
[BlackRD "73"]
[GameID "370616"]

1. d4 d5 2. c4 c6 3. Nf3 Nf6 4. Nc3 e6 5. Bg5 h6 6. Bh4 dxc4 7. e4 g5 8. Bg3 b5 9. Be2 Bb7 10. h4 g4
11. Ne5 Nbd7 12. Bxg4 Rg8 13. Bf3 Rxg3 14. fxg3 Nxe5 15. dxe5 Nd7 16. O-O Nxe5 17. Qc2 Qc7 18. Rad1 Bd6 19. Qd2 O-O-O 20. Qxh6 Nd3
21. b3 Bxg3 22. bxc4 Qb6+ 23. Kh1 Nf2+ 24. Rxf2 Qxf2 25. Rxd8+ Kxd8 26. Qf8+ Kc7 27. Qxf7+ Kb6 28. c5+ Ka6 29. a4 Qf1#
0-1

[Event "2015: The Year Of Bitcoin"]
[Site "SchemingMind.com"]
[Date "2014.12.04"]
[Round "-"]
[White "Derek Price"]
[Black "Eric111"]
[Result "1-0"]
[WhiteCountry "ENG"]
[BlackCountry "USA"]
[WhiteElo "2331"]
[WhiteRD "73"]
[BlackElo "1468"]
[BlackRD "48"]
[GameID "370617"]

1. e4 e5 2. Nf3 d6 3. Bc4 Bg4 4. c3 c6 5. h3 Bh5 6. O-O Nf6 7. d3 Nbd7 8. Bb3 Be7 9. Re1 O-O 10. Be3 Bxf3
11. Qxf3 Re8 12. Nd2 b5 13. d4 exd4 14. cxd4 Qc7 15. Rac1 Qb7 16. Rc2 a6 17. Rd1 Bf8 18. Rdc1 Rac8 19. a4 g6 20. axb5 axb5
21. g4 Red8 22. g5 Nh5 23. Qxf7+ Kh8 24. Qg8#
1-0